Country Demonyms - Statistics

General Stats
  • This quiz has been taken 24 times
  • The average score is 9 of 15
Answer Stats
Hint Answer % Correct
Cyprus Cypriot
90%
Palestine Palestinian
90%
The Democratic Republic of the Congo Congolese
85%
Montenegro Montenegrin
85%
Kosovo Kosovan
80%
Uzbekistan Uzbekistani
75%
Maldives Maldivian
70%
Luxembourg Luxembourgish
60%
Madagascar Malagasy
60%
Liechtenstein Liechtensteiner
55%
Monaco Monegasque
40%
Barbados Bajan
25%
Bougainville Bougainvillean
25%
Lesotho Mosotho
20%
Eswatini Emaswati
15%
No matching quizzes found
Score Distribution
Percent of People with Each Score
Percentile by Number Answered
Your Score History
You have not taken this quiz